000 00830nam a2200229 a 4500
001 000018618
005 20200929165830.0
008 100512s1960 cu r 000 f spa d
040 _aDO-SdBNP
_bspa
_cBNPHU
082 _axxxx
_bH587t
100 1 _aHessen, Johan
_940241
245 1 3 _aTeoría del conocimiento. /
_cJ. Hessen ; prólogo especial para esta edición por Francisco Romero traducción directa del alemán por José Gaos.
250 _a5a ed.
260 _aBuenos Aires :
_bLosada,
_c1960.
300 _a503 p. ;
_c18 cm.
490 1 _aBiblioteca contemporánea
500 _aTraducido del alemán
590 _aPerteneció a la biblioteca personal de Juan Isidro Jimenes Grullón
700 1 _aGaos, José
_etr.
_911342
700 1 _aRomero, Francisco
_epról.
_940242
830 0 _aBiblioteca contemporánea
_914729
999 _c18138
_d18138